|
|
|
|
| LEADER |
01573nam a2200337 a 4500 |
| 001 |
16612 |
| 003 |
BD-DhAAL |
| 008 |
090803s1990 nyua 000 0 eng d |
| 999 |
|
|
|c 3228
|d 3228
|
| 010 |
|
|
|a 89033112
|
| 020 |
|
|
|a 0393027708 :
|c $39.95 ($55.00 Can.)
|
| 020 |
|
|
|a 0393306437 (pbk.)
|
| 040 |
|
|
|a DLC
|c DLC
|d DLC
|d BD-DhAAL
|
| 082 |
0 |
0 |
|a 861
|2 20
|
| 100 |
1 |
|
|a Poirot, Luis.
|9 40429
|
| 240 |
1 |
0 |
|a Neruda.
|l English
|
| 245 |
1 |
0 |
|a Pablo Neruda :
|b absence and presence /
|c Luis Poirot ; translations by Alastair Reid.
|
| 250 |
|
|
|a First edition
|
| 260 |
|
|
|a New York :
|b Norton,
|c c1990.
|
| 300 |
|
|
|a 189 pages :
|b illustrations ;
|c 26 cm.
|
| 500 |
|
|
|a Translation of: Neruda.
|
| 541 |
1 |
|
|e 16612
|
| 600 |
1 |
0 |
|a Neruda, Pablo,
|d 1904-1973
|x Homes and haunts
|z Chile
|z Negra Island
|x Pictorial works.
|9 40430
|
| 600 |
1 |
0 |
|a Neruda, Pablo,
|d 1904-1973
|x Friends and associates.
|9 40431
|
| 600 |
1 |
0 |
|a Neruda, Pablo
|d 1904-1973
|x Portraits.
|9 40432
|
| 651 |
|
0 |
|a Negra Island (Chile)
|x Pictorial works.
|9 40433
|
| 852 |
4 |
|
|a Ayesha Abed Library
|j General Stacks
|
| 942 |
|
|
|2 ddc
|c BK
|
| 952 |
|
|
|0 0
|1 0
|2 ddc
|4 0
|6 861_POI_199000000000000
|7 0
|9 2923
|a BRACUL
|b BRACUL
|c GEN
|d 2009-08-30
|g 1390.00
|l 2
|m 15
|o 861 POI
|p 3010016612
|r 2015-05-31
|s 2015-05-30
|t 1
|w 2009-08-30
|y BK
|
| 952 |
|
|
|0 0
|1 0
|2 ddc
|4 0
|6 861_POI_199000000000000
|7 0
|9 10390
|a BRACUL
|b BRACUL
|c GEN
|d 2010-05-20
|l 3
|m 21
|o 861 POI
|p 3010020327
|r 2018-01-08
|s 2017-11-17
|t 3
|w 2010-05-20
|y BK
|
| 952 |
|
|
|0 0
|1 0
|2 ddc
|4 0
|6 861_POI_199000000000000
|7 0
|9 10391
|a BRACUL
|b BRACUL
|c GEN
|d 2010-05-20
|l 2
|m 38
|o 861 POI
|p 3010020326
|r 2025-09-21
|s 2025-03-09
|t 2
|w 2010-05-20
|y BK
|